000 00703nam a2200205Ia 4500
008 100315s9999 xx 000 0 und d
082 _b2395 
_a336.24 
100 _a"Singhania, Vinod K. "
245 _aSTUDENTS GUIDE TO INCOME-TAX 1988-89: B.COM/C.A.INTER
260 _aDelhi 
_bTaxmann  
_c1988 
300 _a"XVI,520p.  "
365 _eRupees 
_d
_b60.00 
366 _f
505 _gTushar Jadhav 
530 _b-  
620 _a"Residential Status & its Effect on Tax Incidence, Incomes that are exempt from tax "
630 _aSTUDENTS GUIDE TO INCOME-TAX 1988-89: B.COM/C.A.INTER
730 _aSTUDENTS GUIDE TO INCOME-TAX 1988-89: B.COM/C.A.INTER
942 _cBOOK
999 _c477130
_d477127